000 00317 a2200157 4500
001 60994
020 _a9788598078854
040 _cAnchieta - Pituba
100 _aVan de Ruit, John
240 1 0 _aCotoco
_lpor
245 1 0 _aCotoco
300 _a389
362 0 _a2010
650 4 _aLiteratura juvenil
942 _cBK
999 _c60994
_d60994